| 000 | 00820cam a22002771 4500 | ||
|---|---|---|---|
| 001 | 9583 | ||
| 003 | BD-RjUL | ||
| 005 | 20211208234813.0 | ||
| 008 | 140121r19561951nyua b 001 0 eng | ||
| 035 | _a(BD-RjUL)9628 | ||
| 035 | _a(OCoLC)2040611 | ||
| 040 |
_aDLC _cGAT _dOCoLC _dDLC _dBD-RjUL _beng |
||
| 041 | _aeng | ||
| 082 |
_a535.84 _bSAE 1956 |
||
| 100 | 1 |
_aSawyer, Ralph A. _q(Ralph Alanson), _d1895-1978. _929680 |
|
| 245 | 1 | 0 |
_aExperimental spectroscopy / _cRalph A. Sawyer |
| 250 | _a2d ed. | ||
| 260 |
_aNew York : _bPrentice-Hall, _cc1951 [Printing 1956]. |
||
| 300 |
_ax, 358 p. : _billus. ; _c24 cm. |
||
| 504 | _aIncludes bibliographies and indexes. | ||
| 650 | 0 |
_aSpectrum analysis. _929681 |
|
| 650 | 0 |
_aSpectroscope. _929682 |
|
| 942 |
_2ddc _cBK |
||
| 999 |
_c9583 _d9583 |
||